LDR 00620naa#a2200181#i#450# 001 EN\\bibl\126435 005 20260630020115.2 011 ## _a2223-9987 100 ## _a20260629b2026####ek#y0engy0150####ca 102 ## _aRU 200 1# _aAlgorithm for Computing Minimum Code Distances of CRC as a Block Code _eJournal article 210 1# _aSaint-Petersburg _cFSBEI HE "Emperor Alexander I St. Petersburg State Transport University" _d2026 215 ## _a10 с. 608 ## _aJournal article _2local 675 ## _aАлгоритмы. 004.021 _z 700 #1 _aBlyudov _gAnton Aleksandrovich 700 #1 _aPronin _gGeorgiy Yur'evich 856 4# _aatjournal.ru _u